000 00220 a2200097 4500
001 47299
100 _aDeakin F
245 _aThe Brutal Friendship
260 _aLondon
_bWeidenfeld & Nicolson
_c
090 _c30338
_d30338
942 _aNUST-CAE
_cM
_c22601
999 _c282372
_d282372